[Event "GER OS-279 email"]
[Site "GER email"]
[Date "2015.10.19"]
[Round "?"]
[White "Horst, Lothar"]
[Black "Goy, Udo"]
[Result "1-0"]
[WhiteElo "1631"]
[BlackElo "1858"]
[PlyCount "39"]
[EventDate "2015.10.28"]
[EventType "tourn (corr)"]
[EventRounds "6"]
[EventCountry "GER"]
[SourceTitle "Corr 2020"]
[Source "ChessBase"]
[SourceDate "2019.09.30"]
[SourceVersion "1"]
[SourceVersionDate "2019.09.30"]
[SourceQuality "1"]

1. d4 d5 2. Nf3 c5 3. dxc5 Nf6 4. e3 e6 5. b4 a5 6. c3 axb4 7. cxb4 b6 8. a4 bxc5 9. b5 Bd6 10. Be2 0-0 11. 0-0 Re8 12. Bb2 e5 13. Qc2 Nbd7 14. Rd1 Bb7 15. Nbd2 e4 16. Nh4 g6 17. g3 Bc7 18. Ng2 c4 19. Bc3 Ba5 20. Nf4 1-0

[Event "GER OS-274 email"]
[Site "GER email"]
[Date "2015.08.20"]
[Round "?"]
[White "Goy, Udo"]
[Black "Krueger, Thorsten"]
[Result "0-1"]
[WhiteElo "1716"]
[BlackElo "1910"]
[PlyCount "48"]
[EventDate "2015.08.26"]
[EventType "tourn (corr)"]
[EventRounds "6"]
[EventCountry "GER"]
[SourceTitle "Corr 2020"]
[Source "ChessBase"]
[SourceDate "2019.09.30"]
[SourceVersion "1"]
[SourceVersionDate "2019.09.30"]
[SourceQuality "1"]

1. d4 Nf6 2. Nf3 d6 3. Nc3 Bf5 4. Bg5 Nbd7 5. g3 h6 6. Bxf6 Nxf6 7. Bg2 d5 8. 0-0 e6 9. Ne5 Be7 10. e3 0-0 11. f4 c6 12. g4 Bh7 13. Qe2 Nd7 14. Nd3 a5 15. a4 Qb6 16. Kh1 Bd6 17. Rad1 Rae8 18. b3 f6 19. f5 Rf7 20. Qf2 Rfe7 21. e4 exf5 22. exd5 fxg4 23. dxc6 bxc6 24. d5 c5 0-1

[Event "GER-chA Seniors 27th"]
[Site "Magdeburg"]
[Date "2015.08.20"]
[Round "6"]
[White "Goy, Udo"]
[Black "Villing, Dieter"]
[Result "1-0"]
[WhiteElo "2151"]
[BlackElo "2088"]
[PlyCount "67"]
[EventDate "2015.08.15"]
[EventType "swiss"]
[EventRounds "9"]
[EventCountry "GER"]
[SourceTitle "EXT 2018"]
[Source "ChessBase"]
[SourceDate "2017.10.13"]
[SourceVersion "1"]
[SourceVersionDate "2017.10.13"]
[SourceQuality "1"]

1. d4 d6 2. e4 Nf6 3. Nc3 c6 4. Nf3 Bg4 5. h3 Bh5 6. Bf4 e6 7. Qd2 Be7 8. 0-0-0 0-0 9. Bd3 Nbd7 10. g4 Bg6 11. h4 d5 12. exd5 cxd5 13. Bxg6 hxg6 14. h5 Ne4 15. Nxe4 dxe4 16. Ng5 Bxg5 17. Bxg5 Nf6 18. h6 e3 19. Qxe3 Nd5 20. Qe5 f6 21. Qxe6+ Rf7 22. hxg7 Qd7 23. Rh8+ Kxg7 24. Qxd7 Rxd7 25. Rxa8 fxg5 26. Rxa7 Kf6 27. c3 Rh7 28. Re1 Nf4 29. Kc2 Rh2 30. Rxb7 Rxf2+ 31. Kb3 Nd3 32. Rb6+ Kf7 33. Rb1 Rf4 34. a4 1-0

[Event "GER OS-274 email"]
[Site "GER email"]
[Date "2015.08.20"]
[Round "?"]
[White "Nitschke, Norbert"]
[Black "Goy, Udo"]
[Result "1-0"]
[WhiteElo "1751"]
[BlackElo "1716"]
[PlyCount "91"]
[EventDate "2015.08.26"]
[EventType "tourn (corr)"]
[EventRounds "6"]
[EventCountry "GER"]
[SourceTitle "Corr 2020"]
[Source "ChessBase"]
[SourceDate "2019.09.30"]
[SourceVersion "1"]
[SourceVersionDate "2019.09.30"]
[SourceQuality "1"]

1. e4 e5 2. Nf3 Nc6 3. Bb5 Bc5 4. 0-0 d6 5. c3 Bd7 6. d4 exd4 7. cxd4 Bb6 8. Nc3 Nge7 9. h3 Ng6 10. Bg5 Nce7 11. a4 c6 12. Bc4 0-0 13. Qb3 Rb8 14. Be3 h6 15. Rfe1 a6 16. Re2 Ba5 17. Bd2 b5 18. axb5 axb5 19. Bd3 c5 20. Qa2 Nc6 21. dxc5 dxc5 22. Nd5 Bxd2 23. Rxd2 Bxh3 24. b4 c4 25. gxh3 cxd3 26. Rxd3 Qe8 27. Re3 Qe6 28. Qc2 Rfc8 29. Qb3 Nce7 30. Nd4 Qe5 31. Rd1 Rc4 32. Nf3 Qh5 33. Kh2 Nc6 34. Rg1 Rd8 35. Qa2 Nce5 36. Ne1 Kh7 37. Qb2 Nc6 38. Rgg3 Qe5 39. Qa2 Qd6 40. Nd3 Nd4 41. Qa7 Nc2 42. Re2 Rd7 43. Qa8 Nd4 44. Ree3 Nh4 45. Kh1 f5 46. N5f4 1-0

[Event "GER OS-273 email"]
[Site "GER email"]
[Date "2015.08.13"]
[Round "?"]
[White "Goy, Udo"]
[Black "Schatz, Dieter"]
[Result "0-1"]
[WhiteElo "1716"]
[BlackElo "1798"]
[PlyCount "44"]
[EventDate "2015.08.21"]
[EventType "tourn (corr)"]
[EventRounds "6"]
[EventCountry "GER"]
[SourceTitle "Corr 2020"]
[Source "ChessBase"]
[SourceDate "2019.09.30"]
[SourceVersion "1"]
[SourceVersionDate "2019.09.30"]
[SourceQuality "1"]

1. e4 e6 2. d4 d5 3. c4 dxe4 4. Nc3 Nf6 5. f3 Bb4 6. Be3 c5 7. dxc5 Bxc3+ 8. bxc3 Qa5 9. Qc2 Bd7 10. Ne2 Na6 11. Nd4 Nxc5 12. Be2 exf3 13. gxf3 0-0 14. Kf2 Qc7 15. Nb3 Na4 16. h4 Nh5 17. Rag1 Rad8 18. Rg5 Nf4 19. Nd4 Nxe2 20. Qxe2 e5 21. Nb3 f6 22. Rg2 Bf5 0-1

[Event "GER OS-268 email"]
[Site "GER email"]
[Date "2015.06.15"]
[Round "?"]
[White "Goy, Udo"]
[Black "Schatz, Dieter"]
[Result "1-0"]
[WhiteElo "1858"]
[BlackElo "1738"]
[PlyCount "63"]
[EventDate "2015.06.22"]
[EventType "tourn (corr)"]
[EventRounds "6"]
[EventCountry "GER"]
[SourceTitle "Corr 2020"]
[Source "ChessBase"]
[SourceDate "2019.09.30"]
[SourceVersion "1"]
[SourceVersionDate "2019.09.30"]
[SourceQuality "1"]

1. d4 e6 2. Nf3 d5 3. c4 c6 4. e3 Bd6 5. Nc3 a6 6. e4 dxe4 7. Nxe4 Nf6 8. Nxd6+ Qxd6 9. Be2 Nbd7 10. 0-0 b6 11. Ne5 Nxe5 12. Bf4 Nfd7 13. dxe5 Qxd1 14. Rfxd1 Bb7 15. Rd6 Ke7 16. Rad1 Rhd8 17. Bg5+ f6 18. Rxd7+ Rxd7 19. exf6+ Ke8 20. Rxd7 Kxd7 21. fxg7 h6 22. Bxh6 Ke7 23. c5 bxc5 24. Bd3 Kf7 25. Bh7 a5 26. g4 Rg8 27. g5 Rxg7 28. Bxg7 Kxg7 29. Be4 e5 30. h4 Bc8 31. Bxc6 Bf5 32. Kg2 1-0

[Event "GER OS-268 email"]
[Site "GER email"]
[Date "2015.06.15"]
[Round "?"]
[White "Guelker, Lorenz"]
[Black "Goy, Udo"]
[Result "1/2-1/2"]
[WhiteElo "1564"]
[BlackElo "1858"]
[PlyCount "146"]
[EventDate "2015.06.22"]
[EventType "tourn (corr)"]
[EventRounds "6"]
[EventCountry "GER"]
[SourceTitle "Corr 2020"]
[Source "ChessBase"]
[SourceDate "2019.09.30"]
[SourceVersion "1"]
[SourceVersionDate "2019.09.30"]
[SourceQuality "1"]

1. d4 d5 2. Nf3 Nf6 3. e3 Bf5 4. Nc3 e6 5. Be2 c5 6. 0-0 Nc6 7. a3 h6 8. dxc5 Bxc5 9. Bd3 Bxd3 10. cxd3 0-0 11. b4 Bd6 12. Bb2 Rc8 13. Rc1 a5 14. bxa5 Qxa5 15. Qb3 Nd7 16. Nb5 Nc5 17. Qc3 Qxc3 18. Bxc3 Be7 19. Rfd1 Nd7 20. Nfd4 Ra8 21. Bb2 Rfc8 22. Nb3 Ra6 23. e4 Rb6 24. a4 Ra8 25. Ra1 Na7 26. N3d4 Nxb5 27. Nxb5 dxe4 28. dxe4 Nc5 29. Bd4 Rc6 30. Bxc5 Rxc5 31. g3 Bf6 32. Rab1 Rxa4 33. Nd6 b5 34. Rxb5 Rxb5 35. Nxb5 Rxe4 36. Rd7 Rb4 37. Na7 g5 38. Nc6 Rb1+ 39. Kg2 Kf8 40. h3 h5 41. Rc7 Rb2 42. Rc8+ Kg7 43. Rb8 Rc2 44. Rb6 Rc4 45. Na5 Rc3 46. Rc6 Ra3 47. Rc5 Ra2 48. Nc6 Kg6 49. Ne5+ Bxe5 50. Rxe5 Ra4 51. Re3 h4 52. g4 Kf6 53. Kf3 Rd4 54. Kg2 Kg6 55. Kf3 Rd1 56. Ke4 Rh1 57. Kd3 Kg7 58. Rf3 Re1 59. Kd2 Re5 60. Rb3 Kg6 61. Ra3 Kg7 62. Ra7 Re4 63. Ra2 f5 64. gxf5 exf5 65. f3 Re6 66. Ra7+ Kg6 67. Ra3 Rb6 68. Ke3 Rf6 69. Ra8 Rf7 70. Ra6+ Rf6 71. Ra2 g4 72. fxg4 fxg4 73. Ra4 gxh3 1/2-1/2

[Event "Bayern-ch Seniors op 27th"]
[Site "Bergen"]
[Date "2015.06.15"]
[Round "8"]
[White "Lehr, Thomas"]
[Black "Goy, Udo"]
[Result "0-1"]
[WhiteElo "1895"]
[BlackElo "2084"]
[PlyCount "62"]
[EventDate "2015.06.15"]
[EventType "swiss"]
[EventRounds "9"]
[EventCountry "GER"]
[SourceTitle "EXT 2019"]
[Source "ChessBase"]
[SourceDate "2018.10.10"]
[SourceVersion "1"]
[SourceVersionDate "2018.10.10"]
[SourceQuality "1"]

1. e4 c5 2. b3 Nc6 3. Bb2 d6 4. Bb5 Nf6 5. Nc3 e6 6. d3 Be7 7. Nf3 0-0 8. Bxc6 bxc6 9. 0-0 Rb8 10. e5 dxe5 11. Nxe5 Qc7 12. Nf3 Rd8 13. Qe2 Nd5 14. Rfe1 Re8 15. Na4 f6 16. Nd2 Nb6 17. Nc3 e5 18. Nce4 Bf5 19. Qf3 Bg6 20. Ng3 Qd7 21. h4 h6 22. a4 Nd5 23. h5 Bh7 24. Nc4 Kh8 25. Ne3 Nxe3 26. Rxe3 c4 27. dxc4 Bxc2 28. Rc3 Bh7 29. Rd1 Qe6 30. c5 e4 31. Qe3 f5 0-1

[Event "Bayern-ch Seniors op 27th"]
[Site "Bergen"]
[Date "2015.06.15"]
[Round "6"]
[White "Trescher, Manfred"]
[Black "Goy, Udo"]
[Result "1-0"]
[WhiteElo "2062"]
[BlackElo "2084"]
[PlyCount "87"]
[EventDate "2015.06.15"]
[EventType "swiss"]
[EventRounds "9"]
[EventCountry "GER"]
[SourceTitle "EXT 2019"]
[Source "ChessBase"]
[SourceDate "2018.10.10"]
[SourceVersion "1"]
[SourceVersionDate "2018.10.10"]
[SourceQuality "1"]

1. e4 d6 2. d4 Nf6 3. Nc3 c6 4. f4 e6 5. Nf3 Be7 6. Bd3 b5 7. e5 Nd5 8. Nxd5 exd5 9. c3 dxe5 10. fxe5 Bg4 11. 0-0 Nd7 12. h3 Be6 13. Qc2 h6 14. Bf5 Nf8 15. Be3 Qd7 16. Nh2 a6 17. Rf3 Bxf5 18. Rxf5 Ne6 19. Raf1 Rf8 20. Ng4 Bg5 21. Qf2 Bxe3 22. Qxe3 0-0-0 23. h4 Qe7 24. Qf2 Rd7 25. Rf3 h5 26. Ne3 g6 27. Rf6 Kb7 28. b4 Rc7 29. g3 Rd7 30. Ng2 g5 31. Qf5 Rg8 32. Rxf7 Qxf7 33. Qxf7 Rxf7 34. Rxf7+ Nc7 35. Kh2 gxh4 36. Nxh4 a5 37. a3 axb4 38. axb4 Ra8 39. Nf5 Kb6 40. Ng7 Ra2+ 41. Kh3 Rc2 42. Rf3 Kb7 43. Re3 Kc8 44. e6 1-0

[Event "GER OS-268 email"]
[Site "GER email"]
[Date "2015.06.15"]
[Round "?"]
[White "Wittlieb, Friedhelm"]
[Black "Goy, Udo"]
[Result "0-1"]
[WhiteElo "1239"]
[BlackElo "1858"]
[PlyCount "48"]
[EventDate "2015.06.22"]
[EventType "tourn (corr)"]
[EventRounds "6"]
[EventCountry "GER"]
[SourceTitle "Corr 2020"]
[Source "ChessBase"]
[SourceDate "2019.09.30"]
[SourceVersion "1"]
[SourceVersionDate "2019.09.30"]
[SourceQuality "1"]

1. e4 e6 2. Nc3 d5 3. exd5 exd5 4. d4 Nf6 5. Nf3 Bb4 6. Bb5+ c6 7. Bd3 0-0 8. 0-0 Bg4 9. Ne5 Bxd1 10. Rxd1 Nbd7 11. Be3 Nxe5 12. dxe5 Ng4 13. Bf4 Bxc3 14. bxc3 f6 15. Be2 fxe5 16. Be3 Nxe3 17. fxe3 Qg5 18. c4 Qxe3+ 19. Kh1 Qxe2 20. Re1 Qxc4 21. Rad1 Qxc2 22. h3 Rf2 23. Kg1 Rxg2+ 24. Kf1 Rf8# 0-1

[Event "GER OS-267 email"]
[Site "GER email"]
[Date "2015.06.07"]
[Round "?"]
[White "Goy, Udo"]
[Black "Fischer, Alexander"]
[Result "1-0"]
[WhiteElo "1858"]
[BlackElo "1640"]
[PlyCount "43"]
[EventDate "2015.06.15"]
[EventType "tourn (corr)"]
[EventRounds "6"]
[EventCountry "GER"]
[SourceTitle "Corr 2020"]
[Source "ChessBase"]
[SourceDate "2019.09.30"]
[SourceVersion "1"]
[SourceVersionDate "2019.09.30"]
[SourceQuality "1"]

1. d4 Nf6 2. c4 e6 3. Nc3 Bb4 4. Qc2 c5 5. a3 Bxc3+ 6. bxc3 Qa5 7. e3 d6 8. Nf3 0-0 9. Bd3 Bd7 10. 0-0 Re8 11. Rb1 Ba4 12. Qe2 b6 13. e4 e5 14. d5 h6 15. Nh4 Bd7 16. f4 exf4 17. Rxf4 Nh7 18. Qh5 Re7 19. e5 Qxc3 20. e6 fxe6 21. Qg6 Ng5 22. Rf8+ 1-0

[Event "GER OS-267 email"]
[Site "GER email"]
[Date "2015.06.07"]
[Round "?"]
[White "Goy, Udo"]
[Black "Gottsmann, Lothar"]
[Result "1-0"]
[WhiteElo "1858"]
[BlackElo "1448"]
[PlyCount "57"]
[EventDate "2015.06.15"]
[EventType "tourn (corr)"]
[EventRounds "6"]
[EventCountry "GER"]
[SourceTitle "Corr 2020"]
[Source "ChessBase"]
[SourceDate "2019.09.30"]
[SourceVersion "1"]
[SourceVersionDate "2019.09.30"]
[SourceQuality "1"]

1. d4 Nf6 2. c4 g6 3. Nc3 Bg7 4. e4 0-0 5. Be2 d6 6. Be3 e5 7. d5 a6 8. Nf3 Bg4 9. h3 Bxf3 10. Bxf3 Nbd7 11. 0-0 Re8 12. b4 b6 13. Qd2 a5 14. a3 axb4 15. axb4 Rxa1 16. Rxa1 h5 17. Ra7 Nb8 18. Qb2 c6 19. Bg5 Qc8 20. Bd1 Nh7 21. Be3 c5 22. Ba4 Rd8 23. bxc5 bxc5 24. Qb6 Bf8 25. Ra8 Be7 26. Qa7 Bh4 27. Nb5 Kg7 28. Nc7 Kg8 29. Ne6 1-0

[Event "GER OS-267 email"]
[Site "GER email"]
[Date "2015.06.07"]
[Round "?"]
[White "Goy, Udo"]
[Black "Schatz, Dieter"]
[Result "0-1"]
[WhiteElo "1858"]
[BlackElo "1738"]
[PlyCount "76"]
[EventDate "2015.06.15"]
[EventType "tourn (corr)"]
[EventRounds "6"]
[EventCountry "GER"]
[SourceTitle "Corr 2020"]
[Source "ChessBase"]
[SourceDate "2019.09.30"]
[SourceVersion "1"]
[SourceVersionDate "2019.09.30"]
[SourceQuality "1"]

1. d4 e6 2. Nf3 d5 3. c4 c6 4. e3 f5 5. Nc3 Nf6 6. Be2 Bd6 7. 0-0 0-0 8. b3 Qe7 9. Bb2 Nbd7 10. Qc2 Ne4 11. Rac1 Rf6 12. Ne5 Nxe5 13. dxe5 Bxe5 14. Nxe4 Bxb2 15. Nxf6+ Qxf6 16. Rb1 Be5 17. b4 Bd7 18. g3 a6 19. Rfd1 Qe7 20. Qb3 g5 21. a4 g4 22. cxd5 exd5 23. b5 axb5 24. axb5 Qd6 25. bxc6 bxc6 26. Qb7 Rc8 27. Qa7 h5 28. Rb7 Rd8 29. Bd3 h4 30. Rdb1 Qe6 31. Qb6 Rf8 32. Ra7 Qd6 33. Qb4 Qe6 34. Qc5 Bd6 35. Qc1 Bb8 36. Ra8 Bd6 37. Rxf8+ Kxf8 38. Rb7 hxg3 0-1

[Event "GER OS-267 email"]
[Site "GER email"]
[Date "2015.06.07"]
[Round "?"]
[White "Schmidt, Juergen"]
[Black "Goy, Udo"]
[Result "1/2-1/2"]
[WhiteElo "2027"]
[BlackElo "1858"]
[PlyCount "70"]
[EventDate "2015.06.15"]
[EventType "tourn (corr)"]
[EventRounds "6"]
[EventCountry "GER"]
[SourceTitle "Corr 2020"]
[Source "ChessBase"]
[SourceDate "2019.09.30"]
[SourceVersion "1"]
[SourceVersionDate "2019.09.30"]
[SourceQuality "1"]

1. d4 Nf6 2. Nf3 d5 3. Bf4 c5 4. e3 Nc6 5. c3 e6 6. Bd3 Bd6 7. Bxd6 Qxd6 8. Nbd2 0-0 9. 0-0 e5 10. dxe5 Nxe5 11. Nxe5 Qxe5 12. Re1 Re8 13. f4 Qe7 14. h3 b6 15. e4 dxe4 16. Bxe4 Nxe4 17. Nxe4 Bf5 18. Ng3 Qxe1+ 19. Qxe1 Rxe1+ 20. Rxe1 Be6 21. b3 Rd8 22. Re2 Kf8 23. c4 Rd4 24. Re4 Rd1+ 25. Kf2 Bd7 26. Re2 Rd4 27. Re4 Rd6 28. Re2 Bc6 29. Ke3 Rd4 30. Rf2 g6 31. f5 Ke7 32. fxg6 hxg6 33. Ne2 Rd1 34. h4 Re1 35. Kf4 f6 1/2-1/2

[Event "Mittelrhein Regionalliga 1415"]
[Site "Mittelrhein"]
[Date "2014.12.07"]
[Round "4.2"]
[White "Goy, Udo"]
[Black "Wantiez, Fabrice"]
[Result "1-0"]
[WhiteElo "2071"]
[BlackElo "2296"]
[PlyCount "173"]
[EventDate "2014.09.28"]
[EventType "team-tourn"]
[EventRounds "9"]
[EventCountry "GER"]
[SourceTitle "EXT 2023"]
[Source "ChessBase"]
[SourceDate "2022.10.05"]
[SourceVersion "1"]
[SourceVersionDate "2022.10.05"]
[SourceQuality "1"]
[WhiteTeam "Koeln Ford SF"]
[BlackTeam "Aachen DJK Aufwaerts III"]
[WhiteTeamCountry "GER"]
[BlackTeamCountry "GER"]

1. d4 Nf6 2. c4 g6 3. Nc3 d5 4. cxd5 Nxd5 5. e4 Nxc3 6. bxc3 Bg7 7. Be2 c5 8. Nf3 0-0 9. Rb1 cxd4 10. cxd4 Qa5+ 11. Bd2 Qxa2 12. 0-0 Nd7 13. Qc1 Nb6 14. Qc5 Bg4 15. Ra1 Qe6 16. Ng5 Qd7 17. Bxg4 Qxg4 18. Qxe7 Nc4 19. h3 Qh4 20. g3 Qh5 21. Bf4 b5 22. Kg2 h6 23. Ne6 Rfe8 24. Nxg7 Kxg7 25. Qb7 g5 26. Bc7 Qg6 27. Rfe1 a6 28. d5 Nd6 29. Bxd6 Qxd6 30. e5 Qe7 31. Qxe7 Rxe7 32. d6 Rd7 33. f4 b4 34. Reb1 Rb7 35. Ra5 Rb6 36. Kf3 Rc8 37. Rb3 Kf8 38. Ke4 Ke8 39. Kd5 Rc1 40. f5 Kd8 41. f6 Re1 42. Rc5 Rd1+ 43. Ke4 Re1+ 44. Kf5 Rb7 45. Kg4 Rg1 46. Kh5 a5 47. Rc4 Re1 48. Kxh6 Rxe5 49. Kg7 Rb6 50. Rd3 a4 51. Kxf7 a3 52. d7 Rb8 53. Rb3 a2 54. Rc1 Ra5 55. Ra1 Kxd7 56. Kg7 Kc6 57. f7 Kb5 58. Rb2 Kc4 59. Rbxa2 Rf5 60. Ra6 Rf3 61. Rc6+ Kb3 62. Re1 Rxg3 63. Re8 Rb7 64. Rb6 Rxf7+ 65. Kxf7 Rxh3 66. Reb8 Rh4 67. Kg6 Rc4 68. Kxg5 Kc3 69. Kf5 Rh4 70. Ke5 Rh5+ 71. Ke4 Rh4+ 72. Kf3 Kb3 73. Re6 Rc4 74. Ke2 Kc2 75. Re3 Rh4 76. Rc8+ Kb2 77. Kd3 b3 78. Re2+ Kb1 79. Rb8 Ka1 80. Ra8+ Kb1 81. Rf8 b2 82. Re1+ Ka2 83. Ra8+ Kb3 84. Rb8+ Ka2 85. Re2 Rh3+ 86. Kc2 Rh7 87. Ra8+ 1-0

[Event "MVP-ch Seniors op 14th"]
[Site "Binz"]
[Date "2014.12.02"]
[Round "8"]
[White "Goy, Udo"]
[Black "Klettke, Wolfgang"]
[Result "1/2-1/2"]
[WhiteElo "2071"]
[BlackElo "1892"]
[PlyCount "129"]
[EventDate "2014.11.25"]
[EventType "swiss"]
[EventRounds "9"]
[EventCountry "GER"]
[SourceTitle "EXT 2016"]
[Source "ChessBase"]
[SourceDate "2015.10.08"]
[SourceVersion "1"]
[SourceVersionDate "2015.10.08"]
[SourceQuality "1"]

1. d4 Nf6 2. Nf3 e6 3. c4 c5 4. d5 exd5 5. cxd5 d6 6. Nc3 g6 7. e4 Bg7 8. Bb5+ Nbd7 9. 0-0 0-0 10. h3 a6 11. Bxd7 Nxd7 12. a4 Rb8 13. Bf4 Qc7 14. Qe2 Re8 15. Rfe1 Ne5 16. Nxe5 Bxe5 17. Bxe5 Rxe5 18. f4 Re8 19. Rad1 Bd7 20. e5 Kg7 21. Qf2 c4 22. Qd4 Qc5 23. Qxc5 dxc5 24. a5 b5 25. axb6 Rxb6 26. Re2 Reb8 27. Rdd2 Bf5 28. g4 Bd3 29. Rf2 Re8 30. g5 h5 31. h4 Rc8 32. Kg2 Rb3 33. Kf3 a5 34. Rd1 Rcb8 35. Ra1 Rxb2 36. Rxb2 Rxb2 37. Rxa5 Rb3 38. Nd1 c3 39. Ne3 c4 40. d6 c2 41. Ra1 Bf5 42. Ke2 Rb1 43. Nxc2 Rb2 44. Rc1 Bxc2 45. Ke3 Bf5 46. Rxc4 Rh2 47. Rd4 Bd7 48. e6 Rh3+ 49. Ke2 Bxe6 50. d7 Bxd7 51. Rxd7 Rxh4 52. Kf3 Rh3+ 53. Kg2 Re3 54. Rd6 Kf8 55. Rd7 Re6 56. Rb7 f6 57. gxf6 Rxf6 58. Kg3 Rf7 59. Rb6 Kg7 60. Ra6 Kh6 61. Rb6 Rf5 62. Ra6 Rb5 63. Rc6 Rb3+ 64. Kg2 h4 65. Rc5 1/2-1/2

[Event "MVP-ch Seniors op 14th"]
[Site "Binz"]
[Date "2014.12.01"]
[Round "7"]
[White "Bussler, Juergen"]
[Black "Goy, Udo"]
[Result "0-1"]
[WhiteElo "1789"]
[BlackElo "2071"]
[PlyCount "86"]
[EventDate "2014.11.25"]
[EventType "swiss"]
[EventRounds "9"]
[EventCountry "GER"]
[SourceTitle "EXT 2016"]
[Source "ChessBase"]
[SourceDate "2015.10.08"]
[SourceVersion "1"]
[SourceVersionDate "2015.10.08"]
[SourceQuality "1"]

1. d4 Nf6 2. c4 e6 3. Nf3 c5 4. dxc5 Bxc5 5. Nc3 d5 6. e3 Nc6 7. a3 0-0 8. Bd3 dxc4 9. Bxc4 Qxd1+ 10. Kxd1 e5 11. b4 Bb6 12. Na4 Bc7 13. Bb2 e4 14. Nd4 Ne5 15. Be2 Bg4 16. f3 Bh5 17. Nc5 exf3 18. gxf3 b6 19. Nb5 Rad8+ 20. Ke1 bxc5 21. Nxc7 Bxf3 22. Rg1 Nfd7 23. bxc5 Rc8 24. Na6 f6 25. Bd4 Bb7 26. Rc1 Nf3+ 27. Bxf3 Bxf3 28. Rg3 Bb7 29. Nb4 a5 30. Nd3 Rfe8 31. Kf2 Kf7 32. Rcg1 g6 33. Rc1 Rc7 34. Nb2 Ba6 35. Rgg1 Rec8 36. Na4 Bb5 37. Nc3 Nxc5 38. Rb1 Bd3 39. Rbd1 Bc2 40. Rd2 Nb3 41. Rxc2 Nxd4 42. exd4 Rxc3 43. Rxc3 Rxc3 0-1

[Event "MVP-ch Seniors op 14th"]
[Site "Binz"]
[Date "2014.11.25"]
[Round "1"]
[White "Vietinghoff, Klaus"]
[Black "Goy, Udo"]
[Result "1/2-1/2"]
[WhiteElo "1678"]
[BlackElo "2071"]
[PlyCount "84"]
[EventDate "2014.11.25"]
[EventType "swiss"]
[EventRounds "9"]
[EventCountry "GER"]
[SourceTitle "EXT 2016"]
[Source "ChessBase"]
[SourceDate "2015.10.08"]
[SourceVersion "1"]
[SourceVersionDate "2015.10.08"]
[SourceQuality "1"]

1. f4 Nf6 2. Nf3 d6 3. e3 Nbd7 4. d4 c6 5. Bd3 e5 6. Nc3 Qc7 7. 0-0 Be7 8. Qe1 exf4 9. exf4 0-0 10. h3 Re8 11. Qf2 Nb6 12. g4 Nfd5 13. Bd2 Nb4 14. Rae1 Nxd3 15. cxd3 Bd7 16. f5 d5 17. Ne5 f6 18. Nxd7 Nxd7 19. Ne2 Qb6 20. b3 Qa6 21. Nf4 Qxa2 22. Ne6 Bf8 23. Nc7 Rxe1 24. Qxe1 Rd8 25. Ne6 Re8 26. g5 fxg5 27. Bxg5 Bd6 28. Bf4 Bxf4 29. Rxf4 Nf6 30. Rf3 Re7 31. Rg3 Qa3 32. Qe5 Qc1+ 33. Kh2 Qd2+ 34. Rg2 Qh6 35. Qd6 Re8 36. Rxg7+ Kh8 37. Rg2 Rg8 38. Rxg8+ Nxg8 39. Qe5+ Nf6 40. Nf4 Qg7 41. Ne6 Qh6 42. Nf4 Qg7 1/2-1/2

[Event "Mittelrhein Regionalliga 1415"]
[Site "Mittelrhein"]
[Date "2014.10.19"]
[Round "2.4"]
[White "Goy, Udo"]
[Black "Gaehler, Cornelius"]
[Result "0-1"]
[WhiteElo "2071"]
[BlackElo "2078"]
[PlyCount "48"]
[EventDate "2014.09.28"]
[EventType "team-tourn"]
[EventRounds "9"]
[EventCountry "GER"]
[SourceTitle "EXT 2023"]
[Source "ChessBase"]
[SourceDate "2022.10.05"]
[SourceVersion "1"]
[SourceVersionDate "2022.10.05"]
[SourceQuality "1"]
[WhiteTeam "Koeln Ford SF"]
[BlackTeam "Rheinbacher SF"]
[WhiteTeamCountry "GER"]
[BlackTeamCountry "GER"]

1. d4 f5 2. h3 Nf6 3. g4 d5 4. Nc3 c5 5. e3 Nc6 6. g5 Ne4 7. Nxe4 fxe4 8. Ne2 e5 9. dxc5 Be6 10. Bg2 Qa5+ 11. c3 Qxc5 12. Qb3 Be7 13. Bxe4 Na5 14. Qc2 dxe4 15. b4 Qc4 16. bxa5 0-0-0 17. Qb3 Qc6 18. Qc2 Rd3 19. f4 exf3 20. Qxd3 fxe2 21. Rh2 Rd8 22. Qc2 Bxg5 23. h4 Bg4 24. Bd2 Qf3 0-1

[Event "GER-chA Seniors 26th"]
[Site "Bad Neuenahr"]
[Date "2014.08.07"]
[Round "3"]
[White "Kierzek, Mira"]
[Black "Goy, Udo"]
[Result "0-1"]
[WhiteElo "2024"]
[BlackElo "2192"]
[PlyCount "108"]
[EventDate "2014.08.05"]
[EventType "swiss"]
[EventRounds "9"]
[EventCountry "GER"]
[SourceTitle "EXT 2018"]
[Source "ChessBase"]
[SourceDate "2017.10.13"]
[SourceVersion "1"]
[SourceVersionDate "2017.10.13"]
[SourceQuality "1"]

1. d4 Nf6 2. c4 e6 3. Nf3 d5 4. Nc3 Be7 5. Bg5 0-0 6. e3 c6 7. Bd3 Nbd7 8. 0-0 h6 9. Bh4 dxc4 10. Bxc4 Nd5 11. Bxe7 Qxe7 12. Qd2 b6 13. Rac1 Bb7 14. Rfe1 Nxc3 15. Rxc3 c5 16. Qe2 Rfd8 17. dxc5 Nxc5 18. Nd4 e5 19. Nf5 Qg5 20. Ng3 a5 21. h3 g6 22. a3 a4 23. Kh2 h5 24. f3 Rd6 25. Nf1 Rad8 26. Qf2 h4 27. Re2 Kg7 28. Rcc2 e4 29. f4 Qf6 30. Red2 Bd5 31. Bxd5 Rxd5 32. Rxd5 Rxd5 33. Nd2 Rd3 34. Nc4 Rb3 35. Kg1 Nd3 36. Qd2 b5 37. Ne5 Nxe5 38. fxe5 Qxe5 39. Qf2 g5 40. Qe2 Qg3 41. Rc3 Rxc3 42. bxc3 Qe5 43. Qd2 Qc5 44. Qc1 Qd6 45. Kf2 Qd3 46. Qb2 Kg6 47. Qc1 f5 48. Kg1 Qe2 49. Kh1 Kh5 50. Qb1 g4 51. hxg4+ Kxg4 52. c4 h3 53. Qg1 hxg2+ 54. Kh2 Qf3 0-1

[Event "GER-chA Seniors 26th"]
[Site "Bad Neuenahr"]
[Date "2014.08.05"]
[Round "1"]
[White "Buzov, Boris"]
[Black "Goy, Udo"]
[Result "0-1"]
[WhiteElo "2045"]
[BlackElo "2192"]
[PlyCount "120"]
[EventDate "2014.08.05"]
[EventType "swiss"]
[EventRounds "9"]
[EventCountry "GER"]
[SourceTitle "EXT 2018"]
[Source "ChessBase"]
[SourceDate "2017.10.13"]
[SourceVersion "1"]
[SourceVersionDate "2017.10.13"]
[SourceQuality "1"]

1. e4 d6 2. d4 Nd7 3. g3 Ngf6 4. Bg2 e5 5. Ne2 Be7 6. b3 exd4 7. Nxd4 Nc5 8. f3 h5 9. Nc3 c6 10. Be3 h4 11. Qd2 a5 12. a3 Bd7 13. g4 g6 14. h3 Qc7 15. 0-0 0-0-0 16. b4 Ne6 17. bxa5 Nc5 18. Nb3 Be6 19. Nd4 Bc4 20. Rfb1 Qxa5 21. Nd5 Qxd2 22. Nxe7+ Kd7 23. Bxd2 Kxe7 24. Bf1 Bxf1 25. Kxf1 Nfd7 26. Rb4 Ra8 27. a4 Ra6 28. a5 Kd8 29. Rbb1 Kc7 30. Nb3 Ne6 31. Be3 Rf8 32. f4 f6 33. Ke2 Raa8 34. f5 gxf5 35. exf5 Nd8 36. Rd1 Nf7 37. Bb6+ Nxb6 38. axb6+ Kxb6 39. Rab1 Kc7 40. Nd4 Ng5 41. Rd3 Rfe8+ 42. Kf2 Ra4 43. Rbd1 Re5 44. Re1 Ne4+ 45. Kg2 Nc5 46. Rxe5 fxe5 47. Ne6+ Nxe6 48. fxe6 d5 49. Rf3 Kd6 50. Rf7 Kxe6 51. Rxb7 Ra2 52. Rh7 Rxc2+ 53. Kf1 e4 54. Rxh4 e3 55. g5 c5 56. g6 Kf6 57. Rg4 Kg7 58. h4 d4 59. h5 Rh2 60. Rg5 d3 0-1